[Event "British Chess Championships 2023: Junior Blitz Open"]
[Site "The Venue, De Montfort University, 20 Western Boulevard, Leicester, LE2 7BU"]
[Date "2023.07.27"]
[Round "9"]
[Board "21"]
[White "Freeman, Luke"]
[Black "Hariharan, Shambavi"]
[Result "1/2-1/2"]
[WhiteElo "1639"]
[BlackElo "1528"]
[PlyCount "0"]
[EventDate "2023.07.27"]
[EventRounds "9"]
[EventCountry "ENG"]

1. e4 c6 2. d4 d5 3. e5 c5 4. dxc5 Nc6 5. Bb5 Bf5 6. Nf3 e6 7. Be3 a6 8. Bxc6+ bxc6
9. O-O Bg4 10. c3 Bxf3 11. Qxf3 Ne7 12. Bd4 Ng6 13. Nd2 Be7 14. Qe2 O-O 15. f4 a5
16. Kh1 a4 17. g3 Qa5 18. b4 axb3 19. Nxb3 Qa6 20. Qxa6 Rxa6 21. h4 Rfa8 22. Rf2
Ra3 23. Rb2 h5  1/2-1/2

[Event "British Chess Championships 2023: Junior Blitz Open"]
[Site "The Venue, De Montfort University, 20 Western Boulevard, Leicester, LE2 7BU"]
[Date "2023.07.27"]
[Round "9"]
[Board "22"]
[White "Aleksandrov, Igor"]
[Black "Parikh, Naavya"]
[Result "1-0"]
[WhiteElo "1637"]
[BlackElo "1374"]
[PlyCount "0"]
[EventDate "2023.07.27"]
[EventRounds "9"]
[EventCountry "ENG"]

1. d4 d5 2. c4 c6 3. Nc3 Nf6 4. cxd5 cxd5 5. Bf4 Bd7 6. Nf3 e6 7. e3 Nc6 8. Bd3 Bb4
9. O-O Bxc3 10. bxc3 O-O 11. Rb1 b6 12. c4 Re8 13. cxd5 Nxd5 14. Bg5 f6 15. Bh4 Nc3
16. Bxh7+ Kf8 17. Qd3 Nxb1 18. Rxb1 g5 19. Bg3 Ke7 20. Qg6 Rf8 21. Rd1 Qe8 22. Qe4
Nd8 23. d5 e5 24. d6+ Kf7 25. Bg6+ Kg7 26. Bxe8 Rxe8 27. Qxa8 Nc6 28. Qb7 Rd8 29.
Rc1 Nb4 30. Qc7 Nd3 31. Qxd8 Nxc1 32. Qxd7+ Kg6 33. Bxe5 fxe5 34. Nxe5+ Kh6 35. Qf7
Ne2+ 36. Kf1 Nf4 37. exf4 gxf4 38. Qg6#  1-0

[Event "British Chess Championships 2023: Junior Blitz Open"]
[Site "The Venue, De Montfort University, 20 Western Boulevard, Leicester, LE2 7BU"]
[Date "2023.07.27"]
[Round "9"]
[Board "23"]
[White "Kumar, Sachin"]
[Black "Bates, Hubert"]
[Result "1-0"]
[WhiteElo "1608"]
[BlackElo "1424"]
[PlyCount "0"]
[EventDate "2023.07.27"]
[EventRounds "9"]
[EventCountry "ENG"]

1. e4 c5 2. Nf3 d6 3. d4 cxd4 4. Nxd4 Nf6 5. Nc3 a6 6. f3 e5 7. Nb3 Be7 8. Be3 Be6
9. Be2 Nbd7 10. O-O b5 11. Rc1 Rc8 12. Bf2 Nc5 13. Nxc5 dxc5 14. Qxd8+ Bxd8 15. Rcd1
O-O 16. Nd5 Re8 17. b3 Nd7 18. c4 bxc4 19. bxc4 Nb6 20. Nxb6 Bxb6 21. Rb1 Ba7 22.
Rb7 Ra8 23. Rfb1 h6 24. Rc7 Rec8 25. Rbb7 Rxc7 26. Rxc7 Bb6 27. Rc6 Rb8 28. Bxc5
Bxc5+ 29. Rxc5 Rb1+ 30. Kf2 Rb2 31. a4 Ra2 32. a5 Kf8 33. Ke3 Ke7 34. Rxe5 Kd6 35.
Rh5 Ra3+ 36. Kf2 Ra2 37. Ke3 Ra3+ 38. Kd4 g6 39. Rxh6 Rxa5 40. g4 Ra2 41. Bd3 Ra4
42. Ke3 Ra3 43. Kd2 Ra2+ 44. Ke3 Ra3 45. Kd4 Ra4 46. h4 a5 47. h5 gxh5 48. gxh5 Rb4
49. Rh8 a4 50. h6 a3 51. h7 Ke7 52. Ra8 a2 53. h8=Q a1=Q+ 54. Rxa1 Rb7 55. Qh4+ f6
56. Qh7+ Bf7 57. c5 Rd7+ 58. Ke3 Rc7 59. Bc4 Rxc5 60. Qxf7+ Kd6 61. Ra6+  1-0

[Event "British Chess Championships 2023: Junior Blitz Open"]
[Site "The Venue, De Montfort University, 20 Western Boulevard, Leicester, LE2 7BU"]
[Date "2023.07.27"]
[Round "9"]
[Board "24"]
[White "Kumar, Arnav"]
[Black "Vaidyanathan, Sathya"]
[Result "1-0"]
[WhiteElo "1526"]
[BlackElo "1635"]
[PlyCount "0"]
[EventDate "2023.07.27"]
[EventRounds "9"]
[EventCountry "ENG"]

1. e4 e5 2. Nf3 Nc6 3. Bb5 Nf6 4. O-O Nxe4 5. Re1 Nd6 6. Nxe5 Be7 7. Nxc6 dxc6 8.
Ba4 O-O 9. c3 Be6 10. d4 b5 11. Bc2 Bg5 12. Nd2 Bf5 13. Nf3 Bxc1 14. Rxc1 Bxc2 15.
Qxc2 Qf6 16. Ne5 Nf5 17. Nd7 Qg5 18. Nxf8 Nh4 19. Qe4 Rxf8 20. g3 f5 21. Qxh4 Qg6
22. Qe7 f4 23. Qe6+ Qxe6 24. Rxe6 fxg3 25. hxg3 c5 26. Rc6 cxd4 27. cxd4 Rd8 28.
Rxc7 Rxd4 29. Rc8+ Kf7 30. R1c7+ Kg6 31. Rxa7 Rd1+ 32. Kg2 Rd2 33. Rc6+ Kf5 34. Rxg7
Rxb2 35. Rxh7 Rxa2 36. Rh5+ Ke4 37. Rxb5 Rd2 38. Rc4+ Kd3 39. Rd5+ Kxc4 40. Rxd2
Kc3 41. Rd8 Kc4 42. f4 Kb3 43. f5 Kc4 44. f6 Kb3 45. f7 Kc4 46. f8=Q Kb4 47. Rd2+
Kc4 48. Qc8+ Kb3 49. Qc2+ Ka3 50. Rd3+ Kb4 51. Rb3+ Ka4 52. Qa2#  1-0

[Event "British Chess Championships 2023: Junior Blitz Open"]
[Site "The Venue, De Montfort University, 20 Western Boulevard, Leicester, LE2 7BU"]
[Date "2023.07.27"]
[Round "9"]
[Board "25"]
[White "Pai, Aditya"]
[Black "Thomas, James"]
[Result "1-0"]
[WhiteElo "1338"]
[BlackElo "1616"]
[PlyCount "0"]
[EventDate "2023.07.27"]
[EventRounds "9"]
[EventCountry "ENG"]

1. e4 e6 2. Nf3 d5 3. exd5 exd5 4. d4 Nf6 5. Bg5 Bd6 6. Nc3 c6 7. Bd3 O-O 8. O-O
Bg4 9. h3 Bh5 10. Be2 Bg6 11. Bd3 Bxd3 12. Qxd3 Nbd7 13. Rfe1 Qc7 14. a3 h6 15. Bxf6
Nxf6 16. Rad1 Rfe8 17. Qd2 Ne4 18. Qd3 Nxc3 19. Qxc3 a5 20. Rxe8+ Rxe8 21. Re1 Rxe1+
22. Qxe1 Qb6 23. Qc3 a4 24. Ne5 Qc7 25. Nf3 Qe7 26. Qe3 Qxe3 27. fxe3 Kf8 28. Kf2
Ke7 29. Nd2 b5 30. e4 Bf4 31. Nb1 dxe4 32. Nc3 f5 33. Ne2 Bd6 34. Ke3 Ke6 35. Kd2
c5 36. dxc5 Bxc5 37. Nc3 Bd4 38. Nxb5 e3+ 39. Kd3 Bxb2 40. Kxe3 Bc1+ 41. Kd4 f4 42.
Ke4 Be3 43. c4 Kd7 44. Kd5 Bc1 45. c5 Kc8 46. c6 f3 47. gxf3 Bf4 48. Nd6+ Bxd6 49.
Kxd6 Kd8 50. h4 h5 51. f4 Kc8 52. Kc5 Kc7 53. Kb5 Kc8 54. Kxa4 Kc7 55. Kb5 Kb8 56.
Kb6 Kc8 57. a4 g6 58. a5 g5 59. fxg5 Kd8 60. Kb7 Ke7 61. c7 Ke6 62. c8=Q+ Ke5 63.
Qf8 Kd4 64. a6 Kd3 65. a7 Kc3 66. a8=Q Kd3 67. Qf4 Ke2 68. Qa3 Ke1 69. Qh2 Kf1 70.
Qc1#  1-0

[Event "British Chess Championships 2023: Junior Blitz Open"]
[Site "The Venue, De Montfort University, 20 Western Boulevard, Leicester, LE2 7BU"]
[Date "2023.07.27"]
[Round "9"]
[Board "26"]
[White "Sewart, Daniel"]
[Black "Wang, Yuan Ya"]
[Result "1-0"]
[WhiteElo "1374"]
[BlackElo "1130"]
[PlyCount "0"]
[EventDate "2023.07.27"]
[EventRounds "9"]
[EventCountry "ENG"]

1. e4 e5 2. Nf3 Nc6 3. Bc4 Nf6 4. Nc3 Nxe4 5. Bxf7+ Ke7 6. Nxe4 Kxf7 7. Nfg5+ Ke7
8. O-O h6 9. Nf3 d5 10. Nc3 Be6 11. d4 e4 12. Ne5 Nxe5 13. dxe5 c6 14. f4 Kd7 15.
Nxe4 Kc7 16. Ng3 Rc8 17. Be3 Kb8 18. a4 Qd7 19. c3 Bg4 20. Qd4 c5 21. Qd3 c4 22.
Qd2 Bc5 23. Bxc5 Rxc5 24. h3 Bf5 25. Nxf5 Qxf5 26. Qe3 Rcc8 27. a5 Qe4 28. Qxe4 dxe4
29. Rfe1 Rhf8 30. g3 g5 31. Rxe4 gxf4 32. Rxf4 Rxf4 33. gxf4 Rf8 34. Rf1 Kc7 35.
Kf2 Rxf4+ 36. Kg2 Rxf1 37. Kxf1 Kc6 38. Kf2 Kd5 39. Kf3 Kxe5 40. Kg4 Kf6 41. Kf4
b6 42. axb6 axb6 43. h4 h5 44. Ke4 Ke6 45. Kf4 Kf6 46. Ke4 b5 47. Kf4 Kg6 48. Ke5
Kf7 49. Kf5 Ke7 50. Kg6 Kd6 51. Kxh5 Kc5 52. Kg6 b4 53. h5 bxc3 54. bxc3 Kd5 55.
h6 Ke4 56. h7 Kd3 57. h8=Q Kc2 58. Qd4 Kb3 59. Qd2 Ka3 60. Kf5 Kb3 61. Ke4 Ka3 62.
Qh2 Kb3 63. Kd4 Ka3 64. Kxc4 Ka4 65. Qa2#  1-0